00455nam a2200181 a 4500001001300000003000900013005001700022008004100039020001000080082001700090100001600107245003800123260003500161300000900196500003500205650001700240700001600257nice12345678IN_TiNIC20260116015310.0070531s1971 bosa grp 000 0 eng  ac10000a303.61bSHA1 aSharp, Gene aExploring Nonviolent Alternatives aBoston bHorizons Books c1971 a161p aincludes index and biblioraphy aNon-Violence1 aSharp, Gene